| 000 | 00639nam a2200217 a 4500 | ||
|---|---|---|---|
| 999 |
_c5432 _d5432 |
||
| 001 | 5432 | ||
| 003 | BD-JhCC | ||
| 005 | 20180123093838.0 | ||
| 008 | 171214s1394 bg ||||| |||| 00| 0 ben d | ||
| 035 | _a(BD-JhCC)5432 | ||
| 040 |
_aBD-JhCC _dBD-JhCC |
||
| 041 | _aben | ||
| 082 |
_a613 _bCHO 1394 |
||
| 100 | _aচৌধুরী, ডাঃ শুভাগত | ||
| 245 |
_aবিচিত্র স্বাস্থ্য / _cডাঃ শুভাগত চৌধুরী |
||
| 260 |
_aঢাকা : _bমুক্তধারা, _c1394. |
||
| 300 |
_a123 p. : _c21 cm. |
||
| 650 | _aHealth | ||
| 942 |
_2ddc _cBK |
||